Geography Groups - Statistics

General Stats
  • This quiz has been taken 560 times
  • The average score is 36 of 54
Answer Stats
Hint Answer % Correct
Nordic Countries Norway
98%
Nordic Countries Denmark
97%
Nordic Countries Finland
97%
Nordic Countries Sweden
97%
Nordic Countries Iceland
96%
U.S. State with 5+ Big Four Teams New York
95%
Cities in the Americas with Population over 3 Million New York
95%
Capitals in the Iberian Peninsula Madrid
91%
Capitals in the Iberian Peninsula Lisbon
90%
Countries with coasts on the Adriatic Italy
89%
Sovereign States where Portuguese is an official Language Brazil
87%
Countries with coasts on the Adriatic Croatia
87%
U.S. State with 5+ Big Four Teams California
85%
Countries with coasts on the Adriatic Albania
83%
Cities in the Americas with Population over 3 Million Los Angeles
82%
U.S. State with 5+ Big Four Teams Texas
82%
Countries with coasts on the Adriatic Bosnia and Herzegovina
81%
Sovereign States where Portuguese is an official Language Portugal
80%
Countries with coasts on the Adriatic Montenegro
79%
Countries with coasts on the Adriatic Slovenia
79%
U.S. State with 5+ Big Four Teams Florida
75%
Capitals in the Iberian Peninsula Andorra la Vella
73%
Countries of the Lesser Antilles Saint Lucia
72%
Countries of the Lesser Antilles Antigua and Barbuda
70%
Cities in the Americas with Population over 3 Million Mexico City
70%
Countries of the Lesser Antilles Saint Kitts and Nevis
70%
Countries of the Lesser Antilles Saint Vincent and the Grenadines
70%
Countries of the Lesser Antilles Trinidad and Tobago
70%
Cities in the Americas with Population over 3 Million Rio de Janeiro
69%
Countries of the Lesser Antilles Grenada
68%
Countries of the Lesser Antilles Barbados
67%
Countries of the Lesser Antilles Dominica
66%
Cities in the Americas with Population over 3 Million Sao Paulo
64%
U.S. State with 5+ Big Four Teams Illinois
63%
Cities in the Americas with Population over 3 Million Buenos Aires
60%
Cities in the Americas with Population over 3 Million Bogota
56%
U.S. State with 5+ Big Four Teams Pennsylvania
56%
Cities in the Americas with Population over 3 Million Lima
55%
Sovereign States where Portuguese is an official Language Angola
53%
U.S. State with 5+ Big Four Teams Ohio
53%
Sovereign States where Portuguese is an official Language São Tomé and Príncipe
52%
Cities in the Americas with Population over 3 Million Santiago
51%
Sovereign States where Portuguese is an official Language Cape Verde
50%
The Four Sub-Regions of Oceania Micronesia
50%
The Four Sub-Regions of Oceania Polynesia
49%
Sovereign States where Portuguese is an official Language Mozambique
46%
Cities in the Americas with Population over 3 Million Caracas
45%
The Four Sub-Regions of Oceania Melanesia
33%
Spanish Cities in Africa Ceuta
32%
Sovereign States where Portuguese is an official Language Equatorial Guinea
32%
Sovereign States where Portuguese is an official Language Guinea-Bissau
31%
Sovereign States where Portuguese is an official Language East Timor
26%
Spanish Cities in Africa Melilla
24%
The Four Sub-Regions of Oceania Australasia
15%
No matching quizzes found
Score Distribution
Percent of People with Each Score
Percentile by Number Answered
Your Score History
You have not taken this quiz